00282nam a2200109Ia 4500008004100000100002200041245003400063260000900097300002900106440002400135650001300159180117s9999 xx 000 0 und d aby Ana Valenzuela 4aThe Manila- Acapulco Galleons c2017 a8-10 pages, 2017 March 5 aPhilippine Panorama aGALLEONS